Losowanie Krajów - Polowanie na Myszy! - Statystyki

Ogólne statystyki
  • Ten quiz został rozwiązany 67 razy
  • Średni wynik to 5 z 10
Odpowiedzi na mapie
Odpowiedzi zakodowano w zielono-czerwonej skali na mapie do tego quizu, zgodnie z poniższymi procentami.
 
Statystyki odpowiedzi
Kraj % Poprawnych
Argentyna
100%
Australia
100%
Bułgaria
100%
Chile
100%
Chiny
100%
Egipt
100%
Filipiny
100%
Finlandia
100%
Gabon
100%
Grecja
100%
Gujana
100%
Hiszpania
100%
Indonezja
100%
Irak
100%
Iran
100%
Irlandia
100%
Kanada
100%
Kazachstan
100%
Kenia
100%
Kuba
100%
Laos
100%
Libia
100%
Maroko
100%
Meksyk
100%
Nepal
100%
Niemcy
100%
Nowa Zelandia
100%
Panama
100%
Papua-Nowa Gwinea
100%
Paragwaj
100%
Peru
100%
Rosja
100%
Słowacja
100%
Stany Zjednoczone
100%
Sudan
100%
Szwajcaria
100%
Tadżykistan
100%
Włochy
100%
Dania
83%
Indie
83%
Kirgistan
80%
Norwegia
80%
Polska
80%
Dominikana
75%
Japonia
75%
Kolumbia
75%
Madagaskar
75%
Mauretania
75%
Ukraina
75%
Angola
67%
Armenia
67%
Austria
67%
Botswana
67%
Francja
67%
Ghana
67%
Islandia
67%
Katar
67%
Kiribati
67%
Lesotho
67%
Macedonia Północna
67%
Republika Południowej Afryki
67%
Sri Lanka
67%
Tanzania
67%
Togo
67%
Tunezja
67%
Turkmenistan
67%
Malezja
60%
Turcja
60%
Wyspy Świętego Tomasza i Książeca
60%
Wybrzeże Kości Słoniowej
57%
Bahamy
50%
Benin
50%
Białoruś
50%
Boliwia
50%
Bośnia i Hercegowina
50%
Brunei
50%
Chorwacja
50%
Cypr
50%
Demokratyczna Republika Konga
50%
Dżibuti
50%
Eswatini
50%
Holandia
50%
Honduras
50%
Jemen
50%
Jordania
50%
Komory
50%
Korea Północna
50%
Kostaryka
50%
Liberia
50%
Łotwa
50%
Malediwy
50%
Mali
50%
Mikronezja
50%
Mjanma
50%
Niger
50%
Nikaragua
50%
Pakistan
50%
Palau
50%
Samoa
50%
Senegal
50%
Sudan Południowy
50%
Surinam
50%
Syria
50%
Szwecja
50%
Urugwaj
50%
Vanuatu
50%
Węgry
50%
Wenezuela
50%
Wyspy Salomona
50%
Zambia
50%
Azerbejdżan
40%
Belgia
33%
Belize
33%
Gwatemala
33%
Izrael
33%
Kongo
33%
Mauritius
33%
Nigeria
33%
Portugalia
33%
Republika Zielonego Przylądka
33%
Tonga
33%
Uganda
33%
Wietnam
33%
Bhutan
25%
Czarnogóra
25%
Erytrea
25%
Gwinea
25%
Jamajka
25%
Korea Południowa
25%
Malawi
25%
Republika Środkowoafrykańska
25%
Salwador
25%
Sierra Leone
25%
Burundi
20%
Estonia
20%
Luksemburg
20%
Oman
20%
Timor Wschodni
20%
Słowenia
14%
Afganistan
0%
Albania
0%
Algieria
0%
Arabia Saudyjska
0%
Bangladesz
0%
Brazylia
0%
Burkina Faso
0%
Czad
0%
Czechy
0%
Ekwador
0%
Etiopia
0%
Fidżi
0%
Gambia
0%
Gruzja
0%
Gwinea Bissau
0%
Gwinea Równikowa
0%
Haiti
0%
Kambodża
0%
Kamerun
0%
Kosowo
0%
Kuwejt
0%
Liban
0%
Litwa
0%
Malta
0%
Mołdawia
0%
Mongolia
0%
Mozambik
0%
Namibia
0%
Nauru
0%
Rumunia
0%
Rwanda
0%
Serbia
0%
Seszele
0%
Somalia
0%
Tajlandia
0%
Tajwan
0%
Trynidad i Tobago
0%
Tuvalu
0%
Uzbekistan
0%
Wielka Brytania
0%
Wyspy Marshalla
0%
Zimbabwe
0%
Zjednoczone Emiraty Arabskie
0%
Nie znaleziono quizów pasujących do podanych kryteriów
Rozkład punktacji
Procent ludzi z każdym wynikiem
Percentyl według liczby udzielonych odpowiedzi
Twoja historia wyników
Nie rozwiązałeś tego quizu